000 00488nmm a2200157Ia 4500
008 251105s9999||||xx |||||||||||||||||und||
020 _a9781558859692
041 _aspa
_aeng
100 _aDavid, Elías
245 0 _aMis días con Papá = Spending Time with Dad
264 _a[Washington, Estados Unidos] :
_bArte Público Press,
_c2023
300 _a33 páginas
650 _aTeen & Young Adult Non Fiction
856 _uhttps://public.digitaliapublishing.com/a/127821
942 _cCF
999 _c74977
_d74977